Statistics for Countries and Territories that have Flags of Convenience

Click here to take the quiz!

General Stats

  • This quiz has been taken 4 times
  • The average score is 25 of 42

Answer Stats

Answer% Correct
Bermuda
100%
Cyprus
100%
Faroe Islands
100%
Malta
100%
Marshall Islands
100%
Mauritius
100%
Palau
100%
Sao Tome and Príncipe
100%
Vanuatu
100%
Barbados
67%
Belize
67%
Bolivia
67%
Cayman Islands
67%
Comoros
67%
Cook Islands
67%
Equatorial Guinea
67%
Gibraltar
67%
Honduras
67%
Jamaica
67%
Liberia
67%
Panama
67%
Saint Kitts and Nevis
67%
Saint Vincent and the Grenadines
67%
Sri Lanka
67%
Tonga
67%
Antigua and Barbuda
33%
Bahamas
33%
Cambodia
33%
Cameroon
33%
Curacao
33%
France
33%
Georgia
33%
Germany
33%
Lebanon
33%
Madeira
33%
Moldova
33%
Mongolia
33%
Myanmar
33%
North Korea
33%
Sierra Leone
33%
Tanzania
33%
Togo
33%

Score Distribution

Percentile by Number Answered

Percent of People with Each Score

Your Score History

You have not taken this quiz